00369cam a2200133Ia 4500020001500000040000800015082002800023100002000051245005900071246001200130250001100142260006200153300002000215 a0804821267 cHLS a813 C.E.T 1999 A094 Or.1 aRichie, Donald,10aMemoirs of the warrior Kumagai :ba historical novel /30aKumagai a1st ed aRutland, Vt. ;aTokyo, Japan :bC.E. Tuttle,c1999, c1998 a247 p. ;c22 cm